Hawthorn Hawks Rosters - Statistics

General Stats
  • This quiz has been taken 23 times
  • The average score is 33 of 42
Answer Stats
Hint Answer % Correct
3 Jai Newcombe
100%
6 James Sicily
100%
4 Jarman Impey
100%
2 Mitch Lewis
100%
5 Nick Watson
100%
42 Bailey Macdonald
93%
9 Connor Macdonald
93%
1 Harry Morrison
93%
14 Jack Scrimshaw
93%
37 Tom Barrass
93%
15 Blake Hardwick
86%
13 Calsher Dear
86%
8 Dylan Moore
86%
34 Jack Dalton
86%
33 Jack Ginnivan
86%
19 Jack Gunston
86%
24 Josh Battle
86%
25 Josh Ward
86%
23 Josh Weddle
86%
10 Karl Amon
86%
16 Massimo D'Ambrosio
86%
7 Ned Reeves
86%
27 William Mccabe
86%
28 Cam Mackenzie
79%
11 Connor Nash
79%
17 Lloyd Meek
79%
18 Mabior Chol
79%
29 Aiden Schubert
71%
20 Finn Maginness
71%
44 Henry Hustwaite
71%
43 Jamie Uhr-Henry
71%
12 Will Day
71%
36 James Blanck
64%
38 Max Ramsden
64%
35 Oliver Greeves
64%
26 Bodie Ryan
57%
22 Cameron Nairn
57%
41 Matt Hill
57%
21 Noah Mraz
57%
30 Sam Butler
57%
31 Matthew Leray
50%
32 Cody Anderson
43%
No matching quizzes found
Score Distribution
Percent of People with Each Score
Percentile by Number Answered
Your Score History
You have not taken this quiz